000 02647nam a2200325Ia 4500
999 _c50897
_d50897
001 17852
003 GE_BSU
005 20200226145159.0
008 181216s2015ge xx |||||||||||||| ||geo||
020 _a9789941134241
040 _cGE_BSU
041 _ageo
080 _a342.726-053.2 შ-34
100 _4შაჰოვიჩი,ნევენა ვუჩკოვიჩ.
245 _aბავშვის უფლებები საერთაშორისო სამართალში = The Rights of the Child on International Law :
_bბავშვის უფლებები მოკლედ და კონტექსტში : ყველაფერი ბავშვთა უფლებების შესახებ /
_cნევენა ვუჩკოვიჩ შაჰოვიჩი ; იააპ ე. დოეკი ; ჟან ცერმატენი ; სამეცნიერო რედ : ლევან ალექსიძე ; ქეთევან ხუციშვილი ; მთარგმნელები: რუსუდან ტუშური ; თამარ ალექსიძე.
264 _aთბილისი,
_c2015.
300 _a485 გვ. :
_c26 სმ.
504 _aბიბლ.გვ.478-485
653 _aბავშვის უფლებები საერთაშორისო სამართალში : ბავშვის უფლებები მოკლედ და კონტექსტში : ყველაფერი ბავშვთა უფლებების შესახებ
653 _aბავშვის უფლებები ყველაზე მნიშვნელოვან საერთაშორისო ინსტრუმენტებში
653 _aბავშვობის პერიოდი და ბავშვის საერთაშორისო უფლებები
653 _aსამართალი
700 _aდოეკი,იააპ,ე.
_97497
700 _aცერმატენი, ჟან
_97498
700 _aალექსიძე, ლევან
_eსამეცნიერო რედაქტორი
_97499
700 _aხუციშვილი, ქეთევან
_eსამეცნიერო რედაქტორი
_95752
700 _aტუშური, რუსუდან
_eმთარგმნელი
_96435
700 _aალექსიძე, თამარ
_eმთარგმნელი
_96435
942 _cBK
_2udc